The coasts book of soft furnishings : professional designs,hints and tips to help you create a beautiful home

Bibliographic Details
Main Author: Brumstead, Elain
Format: Book
Published: London : Dorling Kindersley , 1987
Subjects:

MARC

LEADER 00000cam a2200000 7i4500
001 0000003286
002 000003545
005 20000330.0
020 |a 0863187536 
090 0 0 |a 646.21   |b BRU 
100 1 |a Brumstead, Elain 
245 1 4 |a The coasts book of soft furnishings :   |b professional designs,hints and tips to help you create a beautiful home   |c Elain Brumstead 
260 |a London :   |b Dorling Kindersley ,   |c 1987 
300 |a 176p. :   |b ill. ;   |c 27. 
650 0 0 |a Soft furnishing 
999 |a 036851   |b BUKU   |c PINJAMAN   |e PERPUSTAKAAN KOMUNITI PETALING JAYA